000 00804nas a22002057a 4500
003 BR-BrBNA
005 20250306091025.0
008 230811b bl.mr||| |||| 00| 0 por d
022 _a1808-2513
035 _a000485-5
040 _aBiblioteca Nacional de Agricultura
_bpor
042 _a0
245 _aAG: a revista do criador (Brasil) /
260 _aPorto Alegre - RS:
_bEditora Centaurus,
_c2008.
310 _aMensal
505 _a2008 12 (115), 2017 21(208), 2018 21(213), 2018 22(215), 2018 22(216), 2020 22 (233), 2020 22 (234), 2020 23 (235), 2020 23 (236), 2020 23 (238), 2020 23 (239),2020 23(241); 2021 24 (249), 2021 24 (250), 2021 24 (251), 2021 24 (252), 2022 26 (258), 2022 26 (259).
650 _2Thesaurus Agrícola Nacional
909 _aSarah
_b08/2023
942 _cPeriodicos
999 _c9800
_d9800